<?xml version="1.0" encoding="UTF-8"?>
<record
    xmlns:xsi="http://www.w3.org/2001/XMLSchema-instance"
    xsi:schemaLocation="http://www.loc.gov/MARC21/slim http://www.loc.gov/standards/marcxml/schema/MARC21slim.xsd"
    xmlns="http://www.loc.gov/MARC21/slim">

  <leader>02129nam a2200205 a 4500</leader>
  <controlfield tag="008">220917t2009    ag b|||g||||| 000 0 spa d</controlfield>
  <datafield tag="020" ind1=" " ind2=" ">
    <subfield code="a">9875451045</subfield>
  </datafield>
  <datafield tag="041" ind1=" " ind2=" ">
    <subfield code="a">spa</subfield>
  </datafield>
  <datafield tag="092" ind1=" " ind2=" ">
    <subfield code="c">813</subfield>
    <subfield code="l">29</subfield>
    <subfield code="s">GIN</subfield>
  </datafield>
  <datafield tag="100" ind1="1" ind2=" ">
    <subfield code="a">Gindin, Le&#xF3;n Roberto</subfield>
    <subfield code="9">3085</subfield>
  </datafield>
  <datafield tag="245" ind1=" " ind2="3">
    <subfield code="a">La nueva sexualidad de la mujer. </subfield>
    <subfield code="b">A la conquista del placer /</subfield>
    <subfield code="c">Le&#xF3;n Roberto Gindin</subfield>
  </datafield>
  <datafield tag="250" ind1=" " ind2=" ">
    <subfield code="a">1a ed.</subfield>
  </datafield>
  <datafield tag="260" ind1=" " ind2=" ">
    <subfield code="a">Buenos Aires:</subfield>
    <subfield code="b">Editorial Norma;</subfield>
    <subfield code="c">2003.</subfield>
  </datafield>
  <datafield tag="300" ind1=" " ind2=" ">
    <subfield code="a">317 p.</subfield>
  </datafield>
  <datafield tag="500" ind1=" " ind2=" ">
    <subfield code="a">Gindin, L. R. (2003). La nueva sexualidad de la mujer. A la conquista del placer. (1a ed.). Buenos Aires : Editorial Norma.</subfield>
  </datafield>
  <datafield tag="505" ind1=" " ind2=" ">
    <subfield code="a">Este libro -como expresa su autor, el conocido sex&#xF3;logo Dr. Le&#xF3;n Roberto Gindin- no pretende ser un tratado global de sexualidad, sino que trata casi exclusivamente acera del placer femenino, ese placer a veces esquivo que la mujer del siglo XXI se encuentra empe&#xF1;ada en lograr. Al igual que Van de Velde, el ginec&#xF3;logo que en siglo XIX ayud&#xF3; a las mujeres victorianas a acceder al goce sexual, esta vez un var&#xF3;n entra en el campo de la sexualidad femenina a partir de su vasta experiencia como sex&#xF3;logo cl&#xED;nico. Esta obra contiene informaci&#xF3;n nueva, adem&#xE1;s de la ya conocida, sobre los aspectos m&#xE9;dicos, psicol&#xF3;gicos y sociales involucrados en el goce sexual de la mujer. Los secretos para alcanzar el orgasmo; los tratamientos de las disfunciones sexuales: farmacol&#xF3;gicos, herbarios y sexol&#xF3;gicos; la influencia del tama&#xF1;o del pene en la satisfacci&#xF3;n femenina; las pr&#xE1;cticas sexuales inusuales y las nuevas modalidades del embellecimiento genital son algunos de los temas abordados. No faltan referencias al sexo entre mujeres y al sexo en soledad, adem&#xE1;s de novedosas ideas para renovar y as&#xED; mantener viva la sexualidad de la pareja. La nueva sexualidad de la mujer ha sido escrito con el fin de ayudar a la mujer a descubrir todas las posibilidades de disfrute y a alcanzar una autonom&#xED;a tal que le permita ejercer la nueva sexualidad basada fundamentalmente en el ejercicio de su derecho al goce propio. </subfield>
  </datafield>
  <datafield tag="590" ind1=" " ind2=" ">
    <subfield code="a">Donaci&#xF3;n. Proyecto Literatura 4to libro</subfield>
  </datafield>
  <datafield tag="650" ind1=" " ind2=" ">
    <subfield code="a">Autoayuda</subfield>
    <subfield code="9">3086</subfield>
  </datafield>
  <datafield tag="942" ind1=" " ind2=" ">
    <subfield code="2">ddc</subfield>
    <subfield code="c">LIT</subfield>
  </datafield>
  <datafield tag="999" ind1=" " ind2=" ">
    <subfield code="c">2465</subfield>
    <subfield code="d">2465</subfield>
  </datafield>
  <datafield tag="952" ind1=" " ind2=" ">
    <subfield code="0">0</subfield>
    <subfield code="1">0</subfield>
    <subfield code="2">ddc</subfield>
    <subfield code="4">0</subfield>
    <subfield code="7">0</subfield>
    <subfield code="8">FIC</subfield>
    <subfield code="a">BFM</subfield>
    <subfield code="b">BFM</subfield>
    <subfield code="c">CR</subfield>
    <subfield code="d">2016-12-15</subfield>
    <subfield code="e">Donaci&#xF3;n 2016</subfield>
    <subfield code="l">0</subfield>
    <subfield code="o">158.1 29 GIN</subfield>
    <subfield code="p">3731</subfield>
    <subfield code="r">2016-12-15</subfield>
    <subfield code="t">Ej. 1</subfield>
    <subfield code="w">2016-12-15</subfield>
    <subfield code="y">LIT</subfield>
    <subfield code="z">Proyecto el 4to libro. Donaci&#xF3;n</subfield>
  </datafield>
</record>
